|
|
|
|
| LEADER |
00000nam a2200000 a 4500 |
| 001 |
vtls010585032 |
| 003 |
SK-MaSNL |
| 005 |
20260301215022.0 |
| 008 |
180813s1965 xo 000 0 slo |
| 040 |
|
|
|a SNK
|b slo
|c SNK
|e AACR2
|
| 041 |
0 |
|
|a slo
|
| 044 |
|
|
|a xo
|c SK
|
| 080 |
|
|
|a 621.78.065
|2 2001
|
| 080 |
|
|
|a (062.534)
|2 2001
|
| 245 |
0 |
0 |
|a Syllaby prednášok
|n II. celoštátna konferencia o využití vykurovacích olejov v priemyselných závodoch 5.-8.X.1965 Bratislava
|
| 260 |
|
|
|a [Bratislava
|b vydavateľ nie je známy
|c 1965 ]
|
| 650 |
0 |
7 |
|a vykurovacie oleje
|2 SNKPH
|9 336034
|
| 650 |
0 |
7 |
|a priemyselné podniky
|2 SNKPH
|9 2346
|
| 655 |
|
7 |
|a zborníky konferencií
|2 SNKPH
|9 70153
|
| 958 |
|
|
|a OND
|
| 999 |
|
|
|c 926613
|d 928543
|
| 952 |
|
|
|a SNK
|b SNK
|y PREZ
|7 0
|p 17A0823461
|o snkSB 41644
|i snkD 798/87
|8 1
|0 0
|1 0
|4 0
|d 2014-03-24
|f 1
|l 0
|r 2025-04-30 00:00:00
|w 2026-02-24
|